[Event "5th SPICE Cup GpA"]
[Site "Lubbock USA"]
[Date "2011.10.15"]
[Round "1"]
[White "Dominguez Perez, L."]
[Black "Meier, Geo"]
[Result "1/2-1/2"]
[WhiteElo "2710"]
[BlackElo "2648"]
[PlyCount "118"]
[EventDate "2011.10.15"]

1. c4 Nf6 2. g3 e6 3. Bg2 d5 4. Nf3 dxc4 5. Na3 Bxa3 6. bxa3 b5 7. Ne5 Nd5 8.
d3 cxd3 9. Qxd3 O-O 10. Qxb5 Ba6 11. Qb2 c5 12. O-O Nd7 13. Nxd7 Qxd7 14. Qc2
Rac8 15. Bb2 Bb5 16. Rfe1 Rfd8 17. Rac1 c4 18. e4 Nb6 19. Bc3 Qd3 20. Bf1 Qxc2
21. Rxc2 Na4 22. Rec1 Nxc3 23. Rxc3 Rc5 24. f3 g5 25. R1c2 Kf8 26. Kf2 Ba6 27.
Ke3 Ra5 28. Bxc4 Bxc4 29. Rxc4 Rxa3+ 30. R4c3 Rxc3+ 31. Rxc3 Rd6 32. Ra3 a6 33.
Ra5 h6 34. h4 gxh4 35. gxh4 Ke7 36. Kf4 Rc6 37. Kg4 Kf6 38. a4 Kg6 39. Kf4 Kf6
40. Ke3 e5 41. f4 exf4+ 42. Kxf4 Ke7 43. Re5+ Kd6 44. Kf5 Kd7 45. h5 Kd8 46. a5
Kd7 47. Rd5+ Ke7 48. e5 Rc1 49. Rd6 Rf1+ 50. Ke4 Re1+ 51. Kd5 Rd1+ 52. Kc5 Re1
53. Kd5 Rd1+ 54. Kc5 Re1 55. Rxh6 Rxe5+ 56. Kb6 f5 57. Kxa6 f4 58. Rb6 Rxh5 59.
Rb1 Kd7 1/2-1/2

[Event "5th SPICE Cup GpA"]
[Site "Lubbock USA"]
[Date "2011.10.16"]
[Round "2"]
[White "Meier, Geo"]
[Black "Le Quang Liem"]
[Result "0-1"]
[WhiteElo "2648"]
[BlackElo "2717"]
[PlyCount "69"]
[EventDate "2011.10.15"]

1. Nf3 d5 2. d4 Nf6 3. c4 c6 4. e3 e6 5. b3 c5 6. cxd5 Nxd5 7. Bb2 cxd4 8. Nxd4
Be7 9. Nd2 O-O 10. Rc1 Bd7 11. Bc4 Nb6 12. Bd3 Nc6 13. Qh5 f5 14. N2f3 Bf6 15.
O-O Nb4 16. Bb1 g6 17. Qh6 e5 18. Ne2 Qe7 19. Rfd1 Rad8 20. h4 Bb5 21. Nc3 e4
22. Ng5 Bd3 23. Na4 N6d5 24. Nh3 Bxb1 25. Rxb1 Bxh4 26. Nc5 Bf6 27. Bxf6 Nxf6
28. a3 Nbd5 29. b4 Nc3 30. Rxd8 Rxd8 31. Rf1 b6 32. Nb3 Ng4 33. Qg5 Qxg5 34.
Nxg5 Ne2+ 35. Kh1 0-1

[Event "5th SPICE Cup GpA"]
[Site "Lubbock USA"]
[Date "2011.10.17"]
[Round "3"]
[White "Le Quang Liem"]
[Black "Feller, S."]
[Result "1/2-1/2"]
[WhiteElo "2717"]
[BlackElo "2668"]
[PlyCount "99"]
[EventDate "2011.10.15"]

1. Nf3 Nf6 2. c4 g6 3. Nc3 Bg7 4. e4 d6 5. d4 O-O 6. Be2 e5 7. O-O Nc6 8. d5
Ne7 9. Ne1 Nd7 10. f3 f5 11. g4 Nf6 12. Nd3 c6 13. Be3 Kh8 14. Rc1 b6 15. Kh1
Bb7 16. g5 Nh5 17. Qd2 a6 18. a4 Rb8 19. Rfd1 b5 20. axb5 axb5 21. Nb4 bxc4 22.
dxc6 Bxc6 23. Na6 Ra8 24. Bxc4 fxe4 25. fxe4 Qc8 26. Nb4 Qh3 27. Nxc6 Nxc6 28.
Bd5 Nd4 29. Bxd4 exd4 30. Nb5 Nf4 31. Nxd4 Ra4 32. Bc4 Raa8 33. Rg1 Rae8 34.
Rg3 Qh5 35. Nf3 Nh3 36. Qg2 Nf4 37. Qc2 Rc8 38. b3 d5 39. exd5 Nxd5 40. Qd3 Nf4
41. Qf1 h6 42. b4 Rf5 43. Re1 Rcf8 44. gxh6 Qxh6 45. Qg1 Nh3 46. Qg2 Nf4 47.
Qd2 g5 48. Nd4 Qd6 49. Rd1 Re5 50. Nf3 1/2-1/2

[Event "5th SPICE Cup GpA"]
[Site "Lubbock USA"]
[Date "2011.10.19"]
[Round "5"]
[White "Dominguez Perez, L."]
[Black "Le Quang Liem"]
[Result "1-0"]
[WhiteElo "2710"]
[BlackElo "2717"]
[PlyCount "117"]
[EventDate "2011.10.15"]

1. e4 e6 2. d4 d5 3. Nc3 Nf6 4. e5 Nfd7 5. f4 c5 6. Nf3 Nc6 7. Be3 Be7 8. Qd2
O-O 9. Be2 a6 10. O-O b5 11. a3 Qc7 12. dxc5 Bxc5 13. Bxc5 Nxc5 14. Rad1 Bb7
15. Qe3 Nd7 16. Bd3 Qb6 17. Qxb6 Nxb6 18. Ne2 Rac8 19. b3 f6 20. Ned4 Nxd4 21.
Nxd4 fxe5 22. fxe5 Rxf1+ 23. Rxf1 Re8 24. Be2 Nd7 25. Bg4 Nf8 26. Rf3 Re7 27.
g3 Bc8 28. Rc3 Bb7 29. Rf3 Bc8 30. Rc3 Bb7 31. h4 Kf7 32. Kf2 Ke8 33. Ke2 Kd7
34. Kd2 Re8 35. Rf3 Ke7 36. Kc3 Ra8 37. Re3 Bc8 38. Kb4 a5+ 39. Kc3 Bd7 40. Be2
b4+ 41. axb4 Rc8+ 42. Kd2 axb4 43. Bd3 Be8 44. Re1 Nd7 45. g4 h6 46. g5 hxg5
47. hxg5 Rc7 48. Bb5 Nc5 49. Bxe8 Kxe8 50. g6 Ne4+ 51. Ke3 Ke7 52. Ra1 Ng3 53.
Kf4 Nf5 54. Nxf5+ exf5 55. Kxf5 d4 56. Ra2 Kd7 57. Ke4 Rc6 58. Kd5 Rxg6 59. e6+
1-0

[Event "5th SPICE Cup GpA"]
[Site "Lubbock USA"]
[Date "2011.10.21"]
[Round "6"]
[White "Meier, Geo"]
[Black "Dominguez Perez, L."]
[Result "1/2-1/2"]
[WhiteElo "2648"]
[BlackElo "2710"]
[PlyCount "67"]
[EventDate "2011.10.15"]

1. Nf3 c5 2. c4 Nc6 3. Nc3 e5 4. e3 Nf6 5. d4 cxd4 6. exd4 e4 7. Ne5 Bb4 8. Be2
Qa5 9. Nxc6 dxc6 10. Bd2 O-O 11. O-O Re8 12. a3 Bxc3 13. Bxc3 Qg5 14. Qc1 Qh4
15. d5 cxd5 16. g3 Qh3 17. Bxf6 gxf6 18. cxd5 Bg4 19. Bxg4 Qxg4 20. Qe3 b6 21.
Rad1 Rad8 22. Rd4 Qf5 23. d6 Re5 24. Re1 Kg7 25. b4 Rd5 26. Rxd5 Qxd5 27. Qxe4
Qxe4 28. Rxe4 Rxd6 29. b5 a6 30. bxa6 b5 31. a4 Rxa6 32. axb5 Ra1+ 33. Kg2 Rb1
34. Rg4+ 1/2-1/2

[Event "5th SPICE Cup GpA"]
[Site "Lubbock USA"]
[Date "2011.10.22"]
[Round "7"]
[White "Le Quang Liem"]
[Black "Meier, Geo"]
[Result "1/2-1/2"]
[WhiteElo "2717"]
[BlackElo "2648"]
[PlyCount "73"]
[EventDate "2011.10.15"]

1. d4 e6 2. c4 Nf6 3. Nf3 d5 4. g3 Bb4+ 5. Bd2 Be7 6. Bg2 O-O 7. O-O c6 8. Bf4
dxc4 9. Ne5 Nd5 10. Nxc4 c5 11. dxc5 Nxf4 12. gxf4 Qc7 13. e3 Rd8 14. Nbd2 Bxc5
15. Rc1 Nc6 16. Qh5 Be7 17. Ne5 g6 18. Qe2 Bd7 19. Rc2 Be8 20. Rfc1 Qa5 21.
Nxc6 bxc6 22. b3 Rac8 23. Nc4 Qb5 24. Bf3 c5 25. Ne5 Qb6 26. Be4 Bb5 27. Qe1 a5
28. Nc4 Bxc4 29. Rxc4 Rc7 30. Ra4 Ra7 31. Kg2 Rdd7 32. Rc2 Qd8 33. Bf3 Rd3 34.
Be2 Qa8+ 35. Kg3 Rdd7 36. Bf3 Qd8 37. Kg2 1/2-1/2

[Event "5th SPICE Cup GpA"]
[Site "Lubbock USA"]
[Date "2011.10.24"]
[Round "9"]
[White "Dominguez Perez, L."]
[Black "Feller, S."]
[Result "1/2-1/2"]
[WhiteElo "2710"]
[BlackElo "2668"]
[PlyCount "124"]
[EventDate "2011.10.15"]

1. e4 e5 2. Nf3 Nc6 3. Bb5 Nf6 4. O-O Nxe4 5. d4 Nd6 6. Bxc6 dxc6 7. dxe5 Nf5
8. Qxd8+ Kxd8 9. Rd1+ Ke8 10. Nc3 Ne7 11. h3 Ng6 12. Re1 h6 13. Kh2 Bd7 14. Ne4
Rd8 15. Bd2 c5 16. g4 Bc6 17. Kg3 Be7 18. Re2 h5 19. Rae1 hxg4 20. hxg4 Bxe4
21. Rxe4 Nf8 22. Rd1 Ne6 23. Ree1 b6 24. Be3 Rxd1 25. Rxd1 f6 26. Kg2 a6 27.
exf6 Bxf6 28. b3 Ke7 29. Kg3 g5 30. Kg2 c6 31. c4 b5 32. Rh1 Rxh1 33. Kxh1 Kf7
34. Kg2 Kg6 35. Nd2 Bd4 36. Ne4 Bxe3 37. fxe3 a5 38. a4 bxa4 39. bxa4 Kf7 40.
Nd6+ Ke7 41. Nb7 Nd8 42. Nxa5 Nf7 43. Kf3 Ne5+ 44. Ke4 Nxg4 45. Nb3 Nf2+ 46.
Kf5 Nd1 47. e4 Nb2 48. a5 Nxc4 49. Kxg5 Ke6 50. Kf4 Kd6 51. a6 Nb6 52. e5+ Kd5
53. Kf5 c4 54. Na5 c3 55. e6 c2 56. Nb3 Kd6 57. a7 Ke7 58. Ke5 Na8 59. Nc1 Nc7
60. Nd3 Na8 61. Nc1 Nc7 62. Ne2 Na8 1/2-1/2

[Event "5th SPICE Cup GpA"]
[Site "Lubbock USA"]
[Date "2011.10.25"]
[Round "10"]
[White "Le Quang Liem"]
[Black "Dominguez Perez, L."]
[Result "1-0"]
[WhiteElo "2717"]
[BlackElo "2710"]
[PlyCount "57"]
[EventDate "2011.10.15"]

1. d4 d5 2. Nf3 Nf6 3. c4 c6 4. Nc3 dxc4 5. a4 e6 6. e4 Bb4 7. Bg5 Qa5 8. Bd2
c5 9. Bxc4 cxd4 10. Nxd4 O-O 11. Qe2 Nc6 12. Nc2 Ne5 13. Ba2 Rd8 14. O-O b6 15.
Nxb4 Qxb4 16. Rfd1 Bb7 17. Be1 Nxe4 18. Nb5 Rxd1 19. Rxd1 Qxa4 20. b3 Qa6 21.
Bb1 f5 22. f3 Bc6 23. fxe4 Bxb5 24. Qb2 Nd3 25. Bxd3 Bxd3 26. exf5 Bxf5 27. Rd7
e5 28. Qxe5 Bxd7 29. Bc3 1-0